Normal view
MARC view
- Curry, David A.
Entry Personal Name
001 - CONTROL NUMBER
- control field: 20153
003 - CONTROL NUMBER IDENTIFIER
- control field: NUST
005 - DATE AND TIME OF LATEST TRANSACTION
- control field: 20190911054411.0
008 - FIXED-LENGTH DATA ELEMENTS
- fixed length control field: 190911|| aca||aabn | a|a d
040 ## - CATALOGING SOURCE
- Original cataloging agency: NUST
- Transcribing agency: NUST
100 ## - HEADING--PERSONAL NAME
- Personal name: Curry, David A.
670 ## - SOURCE DATA FOUND
- Source citation: Work cat.: (NUST)0: Curry, David A., Procedures for estimating highway user costs, air pollution, and noise effects, 1972.
